000 00527nam a2200169 i 4500
001 100116
003 ES-MaACL
005 20240420063039.0
007 t|
008 050922s1979 sp ||||1| spa d
100 0 _aMartínez Torrón, Diego,
_d1950-
_978451
245 1 0 _aVariables poéticas de Octavio Paz /
_cDiego Martínez Torrón.
260 _aCórdoba :
_bCooperativa Industrial,
_c1979.
300 _a4 h., I-III., 287 p. ;
_c22 cm.
852 _aES-MaACL
_jA-10133
_bR.99382
999 _c100116
_d100116